Diritti umani, conflitti di legge e conflitti di civilizzazione

Detalles Bibliográficos
Autor principal: Carella, Gabriella
Formato: eBook
Lenguaje:italiano
Publicado: Bari : Cacucci Editore, 2011
Materias:
Acceso en línea:http://www.vlex.com/source/6788

MARC

LEADER 00000nam a22000007a 4500
005 20130215131737.0
007 cr|||| ||||
008 130215e2011 it |||||s|||| 00| 0 ita d
020 |a 8866110299 
035 |a 6788 
040 |a vLex 
090 |c 3659  |d 3659 
100 1 0 |a Carella, Gabriella 
245 1 0 |a Diritti umani, conflitti di legge e conflitti di civilizzazione  |h [Recurso electrn̤ico]  
256 |a Servicio en ln̕ea 
260 |a Bari :  |b Cacucci Editore,   |c 2011 
300 |a 1 Recurso en ln̕ea 
650 0 4 |a Derechos humanos 
650 0 4 |a Filosofa̕ del derecho 
740 |a vLex Libros (Servicio en ln̕ea) 
856 |a Acceso restringido  |u http://www.vlex.com/source/6788 
942 |c BOOK 
999 0 |a Human Rights